Les pays les plus peuplés commencent par C - Statistiques

Statistiques générales
  • Ce quiz a été pris 185 fois
  • Le résultat moyen est 7 sur 10
Statistiques - réponses
rang pays % Correct
1 Chine
98%
4 Canada
85%
3 Colombie
84%
8 Chili
77%
6 Cameroun
74%
2 Corée du Sud
72%
5 Corée du Nord
65%
9 Cambodge
63%
10 Cuba
52%
7 Côte d'Ivoire
39%
Aucun quiz correspondant
Distribution des résultats
% des personnes avec chaque résultat
Percentile par nombre de réponses
Votre historique - résultats
Vous n’avez pas pris ce quiz